000 00416nam a2200181Ia 4500
001 10235
005 20260306161817.0
008 260306t1989||||xx |||||||||||||| ||spa||
041 _aESP
082 _a909.4
_bH62
100 _aHobsbawm, John
_eAUT
245 4 _aThe age of empire 1875-1914
260 _c1989
300 _a404 páginas :
_ccm.
650 _aGEN
654 _aCHU
942 _cLIB
_dJUS
_fJUS
_2ddc
_n
999 _c10235
_d10235